The economics of banking / (Record no. 7325)
[ view plain ]
| 000 -LEADER | |
|---|---|
| fixed length control field | 01481nac a22002771u 4500 |
| 010 ## - LIBRARY OF CONGRESS CONTROL NUMBER | |
| LC control number | 2005004184 |
| 020 ## - INTERNATIONAL STANDARD BOOK NUMBER | |
| International Standard Book Number | 9780470090084 |
| 020 ## - INTERNATIONAL STANDARD BOOK NUMBER | |
| International Standard Book Number | 0470090081 (pbk. : alk. paper) |
| 082 00 - DEWEY DECIMAL CLASSIFICATION NUMBER | |
| Classification number | 332.1 |
| Item number | MAT |
| 090 ## - LOCALLY ASSIGNED LC-TYPE CALL NUMBER (OCLC); LOCAL CALL NUMBER (OCLC) | |
| -- | 7325 |
| -- | 7325 |
| 100 ## - MAIN ENTRY--PERSONAL NAME | |
| Personal name | Matthews, Kent. |
| 245 14 - TITLE STATEMENT | |
| Title | The economics of banking / |
| Statement of responsibility, etc | Kent Matthews, John Thompson. |
| 260 ## - PUBLICATION, DISTRIBUTION, ETC. (IMPRINT) | |
| Place of publication, distribution, etc | Chichester, West Sussex, England : |
| Name of publisher, distributor, etc | J. Wiley,2005 |
| Date of publication, distribution, etc | c2005. |
| 300 ## - PHYSICAL DESCRIPTION | |
| Extent | x, 246 p. : |
| Other physical details | ill. ; |
| Dimensions | 25 cm. |
| 500 ## - GENERAL NOTE | |
| General note | distributer: Al-Ahram |
| 504 ## - BIBLIOGRAPHY, ETC. NOTE | |
| Bibliography, etc | Includes bibliographical references (p. [225]-231) and index. |
| 505 0# - FORMATTED CONTENTS NOTE | |
| Formatted contents note | Trends in domestic and international banking -- Financial intermediation : the impact of the capital market -- Banks and financial intermediation -- Retail and wholesale banking -- International banking -- The theory of the banking firm -- Models of banking behaviour -- Credit rationing -- Securitization -- The structure of banking -- Risk management -- Macroeconomics of banking. |
| 511 ## - PARTICIPANT OR PERFORMER NOTE | |
| Participant or performer note | catalogued by: wessam |
| 650 #0 - SUBJECT ADDED ENTRY--TOPICAL TERM | |
| Topical term or geographic name as entry element | Banks and banking. |
| 650 #0 - SUBJECT ADDED ENTRY--TOPICAL TERM | |
| Topical term or geographic name as entry element | Microeconomics. |
| 700 1# - ADDED ENTRY--PERSONAL NAME | |
| Personal name | Thompson, John L. |
| 856 41 - ELECTRONIC LOCATION AND ACCESS | |
| Materials specified | Table of contents only |
| Uniform Resource Identifier | <a href="http://www.loc.gov/catdir/toc/ecip057/2005004184.html">http://www.loc.gov/catdir/toc/ecip057/2005004184.html</a> |
| 856 41 - ELECTRONIC LOCATION AND ACCESS | |
| Materials specified | Contributor biographical information |
| Uniform Resource Identifier | <a href="http://www.loc.gov/catdir/enhancements/fy0621/2005004184-b.html">http://www.loc.gov/catdir/enhancements/fy0621/2005004184-b.html</a> |
| 856 41 - ELECTRONIC LOCATION AND ACCESS | |
| Materials specified | Publisher description |
| Uniform Resource Identifier | <a href="http://www.loc.gov/catdir/enhancements/fy0621/2005004184-d.html">http://www.loc.gov/catdir/enhancements/fy0621/2005004184-d.html</a> |
| 942 ## - ADDED ENTRY ELEMENTS (KOHA) | |
| Item type | Book - Borrowing |
| Call number prefix | 332.1MAT |
| Withdrawn status | Item status | Damaged status | Not for loan | Home library | Current library | Shelving location | Date acquired | Source of acquisition | Total Checkouts | Full call number | Barcode | Date last seen | Koha item type |
|---|---|---|---|---|---|---|---|---|---|---|---|---|---|
| Central Library | Central Library | First floor | 22/01/2008 | Purchase | 332.1MAT | 000008760 | 15/07/2025 | Book - Borrowing |